Music Quiz

Random Music or Song Quiz

No Angels Songs Quiz Stats

 Plays Quiz not verified by Sporcle

Challenge
Share
Tweet
Embed
Score 0/82 Timer 10:00
0 Plays Today
% Correct
Daylight In Your Eyes
98.2%
Rivers Of Joy
98.2%
Something About Us
98.2%
Feelgood Lies
98.2%
When The Angels Sing
96.5%
Cold As Ice
96.5%
Send Me Flowers
96.5%
Sister
96.5%
Someday
96.5%
Anchor Your Love
94.7%
Say Goodbye
94.7%
Let's Go To Bed
94.7%
Venus
94.7%
Say Goodbye
94.7%
Still In Love With You
93%
Atlantis
93%
No Angel (It's All In Your Mind)
93%
Goodbye To Yesterday
93%
Maybe
93%
One Life
93%
Go Ahead And Take It
91.2%
That's The Reason
91.2%
Shield Against My Sorrow
91.2%
Eleven Out Of Ten
91.2%
Amaze Me
91.2%
A Reason
91.2%
There Must Be An Angel
89.5%
Now That We Found Love
89.5%
% Correct
Stay
89.5%
Three Words
89.5%
So What
89.5%
Angel Of Mine
89.5%
Washes Over Me
89.5%
Disappear
89.5%
Derailed
89.5%
Be My Man (The Plan)
87.7%
Faith Can Move A Mountain
87.7%
Cry For You
87.7%
Autumn Breeze
87.7%
Come Back
87.7%
Welcome To The Dance
87.7%
You Could Be The First
86%
Couldn't Care Less
86%
Lovestory
86%
Forever Yours
86%
What If
86%
Misguided Heart
86%
The Rhythm Of My Heart
86%
Rebel
86%
Minute By Minute
86%
100% Emotional
84.2%
Push Me To The Limit
84.2%
Teardrops
84.2%
Dance Aholic
84.2%
Up Against The Wall
84.2%
Takes A Woman To Know
82.5%
% Correct
I Had A Feeling
82.5%
Thunderstorm
82.5%
Young Love
82.5%
Lost In You
80.7%
All Cried Out
80.7%
You Lied
80.7%
New Beginning
80.7%
I Don't Wanna Talk About It
80.7%
Too Old
80.7%
Promises Can Wait
78.9%
2 Get Over U
78.9%
Ten Degrees
78.9%
I Believe In You
78.9%
Make A Change
78.9%
Back Off
78.9%
Down Boy
78.9%
Been Here Before
77.2%
Like Ice In The Sunshine
75.4%
Shut Your Mouth
75.4%
What Am I Supposed To Do
71.9%
How Can We Be Friends
66.7%
Secret's Out
66.7%
Stop
64.9%
Confession
56.1%
Ain't Gonna Look The Other Way
50%
Soft Place To Fall
49.1%

You're not logged in!

Compare scores with friends on all Sporcle quizzes.
OR
Log In

You Might Also Like...

Show Comments

Extras

Created May 18, 2012ReportNominate
Tags:Song Quiz, angel

Top Quizzes Today


Score Distribution

Your Account Isn't Verified!

In order to create a playlist on Sporcle, you need to verify the email address you used during registration. Go to your Sporcle Settings to finish the process.

Report this User

Report this user for behavior that violates our Community Guidelines.

Details: